| 000 | 00912nam a22002657a 4500 | ||
|---|---|---|---|
| 001 | 4132 | ||
| 003 | FISKH | ||
| 005 | 20260227095942.0 | ||
| 008 | 240610b cb ||||| |||| 00| 0 eng d | ||
| 020 | _a9780545554190 | ||
| 040 |
_aFISKH _beng _cFISKH _dFISKH |
||
| 050 | _aPZ7.S7952 | ||
| 082 | _a303 | ||
| 100 | _aStarkey Scott | ||
| 245 |
_aHow to beat the bully without really trying / _cScott Starkey |
||
| 260 |
_aNew York : _bScholastic, _c2012 |
||
| 300 |
_a258 pages : _c20 cm |
||
| 505 | _aM | ||
| 520 | _aRodney, an admitted coward, moves to Ohio where the middle school bully immediately singles him out, but when a stray baseball knocks the bully out just as he is about to beat Rodney up, Rodney gains an undeserved reputation as a tough guy. | ||
| 521 | 8 |
_a690
_blexile |
|
| 521 | 8 |
_aM
_bRaz-Plus |
|
| 700 | _aScott Starkey | ||
| 942 |
_2ddc _cBK _n0 |
||
| 999 |
_c4132 _d4132 |
||